000 00361 a2200157 4500
001 62717
020 _a
040 _cAnchieta - Pituba
100 _aProf. Santos, Antônio Jorge
240 1 0 _aMatemática para o ensino médio
_lpor
245 1 0 _aMatemática para o ensino médio
300 _a297
362 0 _a2015
650 4 _aMatemática
942 _cBK
999 _c62717
_d62717